| 000 | 00935 a2200229 4500 | ||
|---|---|---|---|
| 999 |
_c5222 _d5222 |
||
| 020 | _a9781421417677 (hardcover : alk. paper) | ||
| 020 | _a9781421417684 (pbk. : alk. paper) | ||
| 020 | _a9781421417691 (electronic) | ||
| 020 | _a1421417677 (hardcover : alk. paper) | ||
| 020 | _a1421417685 (pbk. : alk. paper) | ||
| 050 | 0 | 0 | _aLC 4065 RET 2015 |
| 245 | 0 | 0 |
_aRethinking education and poverty / _bedited by William G. Tierney. |
| 264 | 1 |
_aBaltimore, Maryland : _bJohns Hopkins University Press, _c2015. |
|
| 300 |
_avi, 286p. ; _bill. |
||
| 500 | _aIncludes bibliographical references and index. | ||
| 504 | _aIncludes bibliographical references and index. | ||
| 650 | 0 |
_aChildren with social disabilities _xEducation. |
|
| 650 | 0 | _aPoverty. | |
| 700 | 1 |
_aTierney, William G. _eEditor |
|
| 942 |
_2lcc _cBK _h4065 _iRET _kLC |
||